South Eastern Kenya University

Library Online Public Access Catalogue


Aromatic substitution : (Record no. 2584)

MARC details
000 -LEADER
fixed length control field 00499cam a2200145u 4500
050 00 - LIBRARY OF CONGRESS CALL NUMBER
Classification Number QD412.H6
Item Number D44
100 1# - MAIN ENTRY--Author
Personal name De la mare, P. B.D.
245 10 - TITLE
Title Aromatic substitution :
Remainder of title nitration and halogenation /
Statement of responsibility, etc P.B.D. De la mare and J.H. Ridd
260 ## - PUBLICATION, DISTRIBUTION, ETC.(IMPRINT)
Place of publication, distribution, etc London [UK] :
Name of publisher, distributor, etc Butterworths Scientific Publications,
Date of publication, distribution, etc c1959.
300 ## - PHYSICAL DESCRIPTION
Extent vii, 252 p.
500 ## - GENERALNOTE
General note includes bibliographic references and index
650 ## - SUBJECT--TOPIC
Topical term following geographic name as entry element Aromatic compounds ;
-- Nitration ;
-- Halogenation
700 ## - ADDED ENTRY--PERSONAL AUTHOR
Personal Name Ridd, J.H.
942 ## - ADDED ENTRY ELEMENTS(KOHA)
Koha item type General circulation
Holdings
Source of classification or shelving scheme Not for loan Location (home branch) Sublocation (holding branch) Date accessioned Cost, normal purchase price Full call number Barcode Cost, replacement price Nonpublic note Koha item type Public note
Library of Congress Classification   Main Campus Library Main Campus Library 01/09/2014 2904.00 QD412.H6 D44 2019/021780 3404.00 Nzk General circulation Nzk
Kitui, Kenya.
+254736116989
library@seku.ac.ke